| 000 | 00803nam a22001815i 4500 | ||
|---|---|---|---|
| 001 | 156025 | ||
| 003 | ES-MaACL | ||
| 005 | 20230906210309.0 | ||
| 008 | 050803s1893 sp | |||||||| ||spa d | ||
| 040 |
_aCAM _bspa _cCAM |
||
| 110 | 2 |
_aInstituto Provincial de Segunda Enseñanza de Navarra. _95223 |
|
| 245 | 1 | 0 |
_aMemoria sobre el estado del Instituto Provincial de 2ª. Enseñanza de Navarra durante el curso de 1891 á 1892 / _cpor Víctor Sainz de Robles. |
| 260 |
_aPamplona : _b[s.n.], _c1893 ( _fImprenta Provincial) |
||
| 300 |
_a71 p. ; _c23 cm. |
||
| 610 | 2 | 4 |
_aInstituto Provincial de Segunda Enseñanza de Navarra- _vMemorias. _9134531 |
| 700 | 1 |
_aSáinz de Robles, Víctor. _9132999 |
|
| 852 |
_aES-MaACL _jT-708-F-12 _z-- Enc. hol., conservando la cub. original _z-- Enc. en un vol. facticio |
||
| 999 |
_c156025 _d156025 |
||